| 000 | 00722nam a22002177a 4500 | ||
|---|---|---|---|
| 005 | 20250210152726.0 | ||
| 010 | _aENG-143746 | ||
| 020 |
_c699.00 _a9788194807186 |
||
| 035 | _aEN-127278 | ||
| 037 | _bDBAD | ||
| 082 |
_a954.12 _21 |
||
| 100 |
_aJindal, Munish _977464 |
||
| 245 |
_aSadda Punjab/ _cby Munish Jindal [and] Forword By Girish Dayalan |
||
| 250 | _a9 | ||
| 260 |
_aMohali _bMM Writings Publishing House _c2024 |
||
| 270 |
_bMohali _e140308 _aSCO:9, Forst Floor, Sector-80 _mmmwritings@live.com _k9988611299 |
||
| 300 |
_a335p. _c25cm(hb) |
||
| 500 | _aA Comprehensive Book on General Knowledge of Punjab | ||
| 700 |
_aDayalan, Girish _eForword _977465 |
||
| 942 |
_2ddc _cEN _mJIN _h954.12 |
||
| 999 |
_c208964 _d208964 |
||